LEADER 01225nam2 22002651i 450 001 UON00039182 005 20231205102137.948 100 $a20020107d1954 |0itac50 ba 101 $aita 102 $aIT 105 $a|||| 1|||| 200 1 $aSamuele$fa cura di Gino Bressan 210 $aRoma$cMarietti$d1954 215 $aXVI, 739 p.$cill.$d24 cm 461 1$1001UON00036378$12001 $aˆLa ‰Sacra Bibbia$eVolgata latina e traduzione italiana dai testi originali illustrate con note critiche e commentate$fsotto la direzione di Mons. Salvatore Garofalo$1210 $aTorino$cMarietti$d1952-$1215 $av.$d24 cm$v8 500 1$3UON00355621$aBibbia. Antico Testamento. Samuele$956448 606 $aANTICO TESTAMENTO$xSAMUELE$3UONC013196$2FI 686 $aSEB VI AA$cSTUDI EBRAICI - LETTERATURA - TESTI BIBLICI - TESTI$2A 702 1$aBRESSAN$bGino$3UONV024989 801 $aIT$bSOL$c20240220$gRICA 899 $aSIBA - SISTEMA BIBLIOTECARIO DI ATENEO$2UONSI 912 $aUON00039182 950 $aSIBA - SISTEMA BIBLIOTECARIO DI ATENEO$dSI SEB VI AA 006 (08) $eSI SA 47613 5 006 (08) 996 $aBibbia. Antico Testamento. Samuele$956448 997 $aUNIOR